000 00855nam a2200205 i 4500
001 101707
003 ES-MaACL
005 20250809152158.0
007 t|
008 051021s1983 sp ||||1| spa d
020 _a84-283-1238-9
100 1 _aMeléndez, Bermudo,
_d1912-1999
_979905
245 1 0 _aPaleontología estratigráfica /
_cBermudo Meléndez.
260 _aMadrid :
_bParaninfo,
_c1983.
300 _a4 v. :
_bprincipalmente il. ;
_c12 cm.
505 8 _aContiene: V.I.-- Foraminíferos; Arqueociatos; Celentéreos; Briozoos; Graptolitos. V.II.-- Braquiópodos; Gasterópodos; Pelecípodos (1). V.III.-- Pelecípodos (2); Cefalópodos. V.IV.--Artrópodos; Equinodermos; Vertebrados; Paleobotánica
650 7 _aPaleontología estratigráfica
_2embne
_9164346
852 _aES-MaACL
_jG-516-9
_bR.114580
999 _c101707
_d101707